Statistiques concernant Paroles - Nekfeu - Alunissons

Cliquez ici pour prendre le quiz!

Statistiques générales

  • Ce quiz a été pris 194 fois
  • Le résultat moyen est 240 sur 274

Statistiques - réponses

Paroles% Correct
a
100%
à
100%
ce
99%
De
99%
de
99%
ces
98%
je
98%
le
98%
Le
98%
Alors
97%
dit
97%
J'ai
97%
j'ai
97%
ma
97%
m'a
97%
me
97%
peu
97%
la
96%
là ?
96%
dans
95%
Les
95%
les
95%
j'me
94%
J'me
94%
mal,
94%
mal
94%
on
94%
On
94%
pas
94%
qu'un
94%
spectateur
94%
un
94%
vie,
94%
Et,
93%
mais
93%
Mais
93%
Qui
93%
quoi
93%
ta
93%
"c'est
92%
n'suis
92%
peur"
92%
peur
92%
si
92%
aussi
91%
besoin
91%
discrètement,
91%
discrètement
91%
du
91%
fais
91%
infini"
91%
infini
91%
qu'il
91%
sens
91%
s'étend
91%
sur
91%
vraiment
91%
aspect
90%
Il
90%
"l'univers
90%
l'univers
90%
Parfois,
90%
terre
90%
j'existe
89%
pieds
89%
demande
88%
dérive,
88%
quand
88%
vivre
88%
face
87%
ne
87%
psy
87%
seul
87%
cachée
86%
d'ta
86%
est
86%
suis
86%
temps-ci
86%
lumières
85%
toi
85%
Tu
84%
fait
83%
Pour
83%
qu'on
83%
s'allument
83%
triste
83%
ville
83%
lune
82%
moi,
82%
que
82%
tes
82%
d'espace
81%
presque
81%
nuit
80%
seule
80%
étais
79%
s'étend-il ?
78%
d'être
77%
Ils
76%
scène
75%
oublie
74%
voient
73%
qu'je
72%
sont
72%
dégoulinent
70%
en
70%
remplacé
70%
yeux
70%
l'encre
69%
m'éclipse
69%
nous
67%
pu
67%
sève
67%
veulent
66%
noirs,
65%
Comment
63%
arriver
62%
une
60%
terrien
58%
aurait
57%
cet
57%
infinité
55%
destin
54%
Malgré
53%
passé
53%
précis
51%
instant
50%
réservait ?
50%
choisi
49%
prévoir
48%
possibles
45%
trajectoires
44%
mener
41%

Distribution des résultats

Percentile par nombre de réponses

% des personnes avec chaque résultat

Votre développement - résultats

Vous n’avez pas pris ce quiz